| 000 | 00821nam a2200241 a 4500 | ||
|---|---|---|---|
| 003 | MX-MxUPN | ||
| 005 | 20231028063800.0 | ||
| 008 | 230811t2001 mx a||||r|||| 000 0 spa d | ||
| 020 | _a9701870514 | ||
| 040 |
_aMX-MxUPN _bspa _cMX-MxUPN |
||
| 041 | 0 |
_aPopoluca _aspa |
|
| 050 | 1 | 4 |
_aLB1578.369 P65 _bT55 2001 |
| 245 | 0 | 0 |
_aTikmay ajw = _bFabulario : mixe-popoluca/español, Sayula de Alemán, Ver. |
| 246 | 1 | 1 | _aFabulario |
| 260 |
_aXalapa, Veracruz : _bSecretaría de Educación y Cultura, _c©2001. |
||
| 300 |
_a75 páginas : _bilustraciones |
||
| 650 | 4 |
_aPopoluca _xEstudio y enseñanza (Elemental) _91488 |
|
| 650 | 4 |
_aCartilla popoluca _98182 |
|
| 700 | 1 |
_aVicenté Zetina, Remedios _950475 _ecompilación |
|
| 902 |
_aMarielOrtiz/110823 _bVíctor Ruiz/271023 |
||
| 942 |
_2lcc _cLIBRO |
||
| 999 |
_c209996 _d209996 |
||